000 00705nam a2200229Ia 4500
003 OSt
005 20220926000207.0
006 a|||||r|||| 00| 0
007 ta
008 220923b |||||||| |||| 00| 0 eng d
037 _cGeneral Book
040 _aRTL
_cRTL
_beng
041 _2eng
_aeng
082 _aX425.2.N9, N0
100 _aDev Raj
_9302230
245 0 _aShipping and ship building industry in India, sinc
260 _a New Delhi
_bH. K. Publishers India
_c1990
300 _axxviii, 340p. Appendix p.299-324; Bibliography p.325-34
_ccm.
650 _aOceanic Transport Economics
_9231766
942 _hX425.2.N9, N0
_cGB
_2CC
999 _c598589
_d598589